000 00656nam a2200265Ia 4500
005 20260121143324.0
008 008 260114s9999 xx 000 0 eng d
020 _a9783131961525
037 _aEBOOK
040 _aCRL
040 _beng
040 _cCRL
041 _2eng
041 _aeng
084 _qCRL
100 _aBauer, Martin
_9997130
245 0 _aStickstoffhaltige Gruppen und Organometallverbindungen
260 _bThieme Medical Publisher Pvt. Ltd.
260 _c1924
650 _aChemistry
_9997131
856 _uhttps://doi.org/10.1055/b-003-106495
942 _cEBOOK
999 _c1564058
_d1564058